Philippines Country Quiz - Statistics

General Stats
  • This quiz has been taken 39 times
  • The average score is 8 of 13
Answer Stats
Hint Answer % Correct
Former Colony of.....(1565 to 1898) Spain
97%
Capital Manila
94%
Main Language Tagalog
94%
Former Part of United States
89%
Main Ally United States
89%
Largest Island Luzon
83%
Invaded by... in 1941 Japan
77%
Currency Philippine Peso
57%
Current Leader Bongbong Marcos
46%
Independent Since 1946
43%
Main Religion Catholicism
37%
Form of Government Presidential Republic
3%
Main Export Circuits
0%
No matching quizzes found
Score Distribution
Percent of People with Each Score
Percentile by Number Answered
Your Score History
You have not taken this quiz